[Event "Verbandsliga MV 2014-15"]
[Site "Mecklenburg-Vorpommern"]
[Date "2015.04.26"]
[Round "9.8"]
[White "Schmekel, Felix"]
[Black "Lueth, Jochen"]
[Result "1-0"]
[WhiteElo "1564"]
[BlackElo "1631"]
[PlyCount "151"]
[EventType "team-tourn"]
[EventRounds "9"]
[WhiteTeam "SAV Torgelow-Droegeheide 90"]
[BlackTeam "HSG Uni Rostock"]

1. d4 Nf6 2. c4 e6 3. e3 Bb4+ 4. Bd2 Bxd2+ 5. Nxd2 b6 6. Ngf3 Bb7 7. Be2 Bxf3
8. Bxf3 d5 9. Rc1 O-O 10. O-O a5 11. Rc3 Ra7 12. Qc2 Re8 13. Rc1 Re7 14. Be2 g6
15. c5 bxc5 16. Rxc5 Kg7 17. Qa4 Nbd7 18. Rxa5 Rb7 19. Nb3 Ne4 20. Ra7 Rxa7 21.
Qxa7 Nb6 22. Rc6 Nd6 23. Nd2 Qd7 24. Rc1 f6 25. b3 Qd8 26. Qa5 e5 27. Nf3 Nf5
28. Qc5 exd4 29. Nxd4 Nxd4 30. Qxd4 Qd6 31. Bf3 Qe5 32. Rd1 Qxd4 33. Rxd4 c6
34. Kf1 f5 35. Rb4 Nc8 36. Rb8 Rc7 37. Ke2 Kf6 38. Kd3 Ke5 39. a4 c5 40. a5 Nd6
41. a6 Ra7 42. Rb6 g5 43. g3 g4 44. Bg2 h5 45. h3 gxh3 46. Bxh3 Ra8 47. f4+ Ke6
48. Bxf5+ Ke7 49. Bg6 Kd7 50. b4 cxb4 51. Bxh5 Kc7 52. Rxb4 Rxa6 53. g4 Kc6 54.
Rb3 Ne4 55. Kc2 Ra5 56. g5 Ra2+ 57. Kd1 Kc5 58. Bg6 Nd6 59. Rc3+ Kb4 60. Rd3
Nc4 61. Rd4 Kc3 62. Ke1 Rh2 63. Rxd5 Rh3 64. Rd3+ Kb4 65. Kf2 Kc5 66. Bf7 Nd6
67. Be6 Ne4+ 68. Kf1 Rh2 69. Bd5 Nd6 70. Kg1 Re2 71. Bf3 Rb2 72. g6 Rb8 73.
Rd5+ Kc6 74. Rg5+ Kd7 75. g7 Rg8 76. Bd5 1-0

[Event "Verbandsliga MV 2014-15"]
[Site "Mecklenburg-Vorpommern"]
[Date "2015.04.26"]
[Round "9.1"]
[White "Schinke, Andreas"]
[Black "Ruesch, Hans Joachim"]
[Result "1-0"]
[WhiteElo "2042"]
[BlackElo "1976"]
[PlyCount "65"]
[EventType "team-tourn"]
[EventRounds "9"]
[WhiteTeam "SV Blau-Weiss Grevesmuehlen"]
[BlackTeam "SF Ostsee Warnemuende"]

1. e4 g6 2. d4 Bg7 3. Nc3 d6 4. Nf3 Nf6 5. Bg5 h6 6. Be3 Ng4 7. Bf4 Nd7 8. h3
e5 9. Bg3 exd4 10. Nxd4 Ngf6 11. Be2 O-O 12. O-O Nc5 13. Bf3 Re8 14. Re1 Ne6
15. Nxe6 Bxe6 16. Qd2 Nd7 17. b3 Rb8 18. Rad1 Kh7 19. Be2 a6 20. f4 f5 21. Bf3
c6 22. exf5 Bxf5 23. Ne4 Bxe4 24. Bxe4 d5 25. Bd3 Qb6+ 26. Kh1 Qc5 27. f5 Bc3
28. fxg6+ Kg7 29. Qf4 Rf8 30. Qc7 Rfd8 31. Rf1 Ba5 32. Rf7+ Kg8 33. Qf4 1-0

[Event "Verbandsliga MV 2014-15"]
[Site "Mecklenburg-Vorpommern"]
[Date "2015.04.26"]
[Round "9.2"]
[White "Schumacher, Dirk"]
[Black "Boehme, Andy"]
[Result "1/2-1/2"]
[WhiteElo "1955"]
[BlackElo "2018"]
[PlyCount "113"]
[EventType "team-tourn"]
[EventRounds "9"]
[WhiteTeam "SF Ostsee Warnemuende"]
[BlackTeam "SV Blau-Weiss Grevesmuehlen"]

1. e4 g6 2. Bc4 Bg7 3. d4 c6 4. Nc3 d5 5. exd5 b5 6. Bb3 b4 7. Nce2 cxd5 8. Bg5
Nf6 9. Nf4 Bb7 10. Bxf6 Bxf6 11. Qd3 a6 12. Nf3 Qd6 13. Qe3 Nd7 14. Nd3 Bg7 15.
Nfe5 O-O 16. h4 Nxe5 17. dxe5 Qc7 18. h5 d4 19. Qh3 g5 20. Qg3 h6 21. f4 gxf4
22. Qxf4 Qc6 23. O-O-O Qe4 24. Rhe1 Qxf4+ 25. Nxf4 Rad8 26. e6 f5 27. Ng6 Rfe8
28. Ba4 Bxg2 29. Bxe8 Rxe8 30. Ne5 Be4 31. Rg1 Kh7 32. Nd3 a5 33. Nc5 Rc8 34.
Nxe4 fxe4 35. Rxg7+ Kxg7 36. Rxd4 Rc5 37. Rxe4 Rxh5 38. Rf4 Re5 39. Rf7+ Kg8
40. Rxe7 h5 41. Ra7 h4 42. Ra8+ Kg7 43. e7 Rxe7 44. Rxa5 Kg6 45. Rd5 h3 46. Rd1
Re2 47. b3 h2 48. Kb2 Kf5 49. a4 bxa3+ 50. Kxa3 Rxc2 51. b4 Rg2 52. Rh1 Kf4 53.
b5 Kg3 54. b6 {(=)} Rf2 55. Kb4 Kg2 56. Rxh2+ Kxh2 57. Kc5 1/2-1/2

[Event "Verbandsliga MV 2014-15"]
[Site "Mecklenburg-Vorpommern"]
[Date "2015.04.26"]
[Round "9.3"]
[White "Naujok, Joerg"]
[Black "Hamann, Dirk"]
[Result "1/2-1/2"]
[WhiteElo "1958"]
[BlackElo "1892"]
[PlyCount "66"]
[EventType "team-tourn"]
[EventRounds "9"]
[WhiteTeam "SV Blau-Weiss Grevesmuehlen"]
[BlackTeam "SF Ostsee Warnemuende"]

1. Nf3 f5 2. d3 Nf6 3. Nbd2 d6 4. e4 e5 5. c3 c6 6. Qb3 Qe7 7. g3 Be6 8. Qc2 g6
9. Bg2 Bg7 10. Ng5 O-O 11. Nxe6 Qxe6 12. O-O f4 13. Qb3 Qxb3 14. axb3 fxg3 15.
hxg3 Na6 16. b4 c5 17. Nc4 cxb4 18. Nxd6 Nc5 19. d4 exd4 20. cxd4 Nb3 21. Ra4
Nxd4 22. Rxb4 Ne2+ 23. Kh1 Ng4 24. Bf4 Nxf4 25. gxf4 Rxf4 26. Kg1 Rd8 27. Nxb7
Rd2 28. Nc5 Rfxf2 29. Rxf2 Nxf2 30. Rb8+ Kf7 31. Rb7+ Kg8 32. Rb8+ Kf7 33. Rb7+
Kg8 1/2-1/2

[Event "Verbandsliga MV 2014-15"]
[Site "Mecklenburg-Vorpommern"]
[Date "2015.04.26"]
[Round "9.4"]
[White "Wolke, Heiko"]
[Black "Wecke, Thoralf"]
[Result "1/2-1/2"]
[WhiteElo "1950"]
[BlackElo "1909"]
[PlyCount "20"]
[EventType "team-tourn"]
[EventRounds "9"]
[WhiteTeam "SF Ostsee Warnemuende"]
[BlackTeam "SV Blau-Weiss Grevesmuehlen"]

1. Nf3 d6 2. e4 Nf6 3. d3 c6 4. Be2 e5 5. O-O Be7 6. c4 Nbd7 7. Nc3 O-O 8. d4
a5 9. Qc2 Re8 10. dxe5 dxe5 1/2-1/2

[Event "Verbandsliga MV 2014-15"]
[Site "Mecklenburg-Vorpommern"]
[Date "2015.04.26"]
[Round "9.5"]
[White "Stiegler, Maik"]
[Black "Birnbaum, Wolf Dieter"]
[Result "1/2-1/2"]
[WhiteElo "1857"]
[BlackElo "1784"]
[PlyCount "87"]
[EventType "team-tourn"]
[EventRounds "9"]
[WhiteTeam "SV Blau-Weiss Grevesmuehlen"]
[BlackTeam "SF Ostsee Warnemuende"]

1. d4 Nf6 2. c4 g6 3. Nc3 d5 4. cxd5 Nxd5 5. e4 Nxc3 6. bxc3 Bg7 7. Nf3 O-O 8.
h3 c5 9. Be2 Nc6 10. Be3 cxd4 11. cxd4 Qa5+ 12. Bd2 Qb6 13. Rb1 Qc7 14. Qc2 e6
15. d5 exd5 16. exd5 Bf5 17. Qb3 Bxb1 18. Qxb1 Ne5 19. O-O Rfd8 20. Nxe5 Bxe5
21. Bf3 Qb6 22. Qe4 Qd4 23. Qxd4 Bxd4 24. Bb4 Rac8 25. Be7 Rd7 26. d6 Rc2 27.
Bd5 Bc5 28. Bb3 Rb2 29. Rd1 Kg7 30. Rd5 b6 31. g4 Rxe7 32. dxe7 Bxe7 33. Rd7
Bc5 34. Rxf7+ Kh6 35. Kg2 a5 36. Kg3 a4 37. Bxa4 Rxa2 38. Bc6 Re2 39. f4 g5 40.
Rf6+ Kg7 41. fxg5 Be7 42. Rf5 Bd6+ 43. Kf3 Rh2 44. Rf6 1/2-1/2

[Event "Verbandsliga MV 2014-15"]
[Site "Mecklenburg-Vorpommern"]
[Date "2015.04.26"]
[Round "9.6"]
[White "Schmidt, Reinhard"]
[Black "Haase, Sebastian"]
[Result "1-0"]
[WhiteElo "1815"]
[BlackElo "1745"]
[PlyCount "109"]
[EventType "team-tourn"]
[EventRounds "9"]
[WhiteTeam "SF Ostsee Warnemuende"]
[BlackTeam "SV Blau-Weiss Grevesmuehlen"]

1. e4 c5 2. Nf3 e6 3. c3 Nc6 4. d4 d5 5. exd5 exd5 6. Be2 Bf5 7. O-O Nf6 8. Bg5
h6 9. Bh4 cxd4 10. Nxd4 Nxd4 11. Qxd4 a6 12. Bxf6 gxf6 13. Bf3 Be6 14. Rd1 Be7
15. Bxd5 Bxd5 16. Qxd5 Qxd5 17. Rxd5 Rd8 18. Rxd8+ Kxd8 19. Nd2 Kc7 20. Kf1 Rd8
21. Ke2 f5 22. Nb3 Bf6 23. Rd1 Rxd1 24. Kxd1 Kd6 25. Ke2 Kd5 26. Kd3 Be5 27. h3
b5 28. Nd2 h5 29. b3 Bc7 30. Nf1 Bb6 31. Ne3+ Ke5 32. f4+ Ke6 33. c4 Bc7 34.
Nd5 Bd6 35. Kd4 Ba3 36. cxb5 Bb2+ 37. Kc5 axb5 38. Nc7+ Kd7 39. Nxb5 Bc1 40. a4
Bxf4 41. a5 Be3+ 42. Kd5 Kc8 43. Kc6 Kb8 44. a6 f4 45. Nd6 Ka7 46. Kb5 f6 47.
Nc8+ Ka8 48. a7 Kb7 49. b4 Bf2 50. Kc4 Be3 51. b5 Bf2 52. b6 Be1 53. Kb5 Bf2
54. Nd6+ Ka8 55. Ka6 1-0

[Event "Verbandsliga MV 2014-15"]
[Site "Mecklenburg-Vorpommern"]
[Date "2015.04.26"]
[Round "9.7"]
[White "Wulff, Jens Peter"]
[Black "Feindura, Rene"]
[Result "1/2-1/2"]
[WhiteElo "1638"]
[BlackElo "1846"]
[PlyCount "57"]
[EventType "team-tourn"]
[EventRounds "9"]
[WhiteTeam "SV Blau-Weiss Grevesmuehlen"]
[BlackTeam "SF Ostsee Warnemuende"]

1. d4 Nf6 2. Nf3 g6 3. Bf4 Bg7 4. e3 d5 5. Bd3 O-O 6. Nbd2 Nbd7 7. Ne5 c5 8. c3
Qb6 9. Qc2 Nh5 10. Bg3 c4 11. Be2 Nxg3 12. Nxd7 Bxd7 13. hxg3 Bf5 14. e4 Bxe4
15. Nxe4 dxe4 16. Bxc4 Rac8 17. Qb3 Qc7 18. Bd5 e3 19. O-O-O exf2 20. Qxb7 Qxg3
21. Bf3 Rc7 22. Qe4 Qg5+ 23. Kb1 Qa5 24. Qd5 Qb6 25. Qb3 Qd6 26. Qc2 Rb8 27.
Rhf1 Qg3 28. Rd3 Qh4 29. Qxf2 1/2-1/2

[Event "Verbandsliga MV 2014-15"]
[Site "Mecklenburg-Vorpommern"]
[Date "2015.04.26"]
[Round "9.8"]
[White "Vladov, Mark"]
[Black "Streit, Bodo"]
[Result "1-0"]
[WhiteElo "1597"]
[BlackElo "1758"]
[PlyCount "41"]
[EventType "team-tourn"]
[EventRounds "9"]
[WhiteTeam "SF Ostsee Warnemuende"]
[BlackTeam "SV Blau-Weiss Grevesmuehlen"]

1. e4 e5 2. Nf3 Nc6 3. Bc4 Bc5 4. b4 Bxb4 5. c3 Ba5 6. O-O d6 7. d4 Bg4 8. d5
Bxf3 9. gxf3 Bxc3 10. Nxc3 Nd4 11. Nb5 Nxb5 12. Bxb5+ Kf8 13. f4 a6 14. Bd3 f6
15. fxe5 dxe5 16. f4 Qd6 17. fxe5 Qxe5 18. Qb3 b5 19. a4 Qd4+ 20. Kh1 b4 21.
Bb2 1-0